中印/中不争议地区地图 Map of disputed areas between China&India, China&Bhutan - Statistics

General Stats
  • This quiz has been taken 72 times
  • The average score is 2 of 11
Answers on the Map
Answers color-coded by a green-red scale on the quiz's map according to % correct below.
 
Answer Stats
国界段 争议地区 % Correct
中印东段 藏南地区
100%
中不 亚东东南地区
31%
中印西段 班公湖两岸地区
20%
中印西段 巴里加斯地区
13%
中印中段 桑、葱莎、波林三多地区
8%
中不 白玉地区
8%
中印西段 天南河谷
7%
中印中段 什布奇山口以西地区
7%
中不 库拉岗日峰地区(已无争议归属我国)
7%
中印中段 巨哇、曲惹地区
5%
中印中段 乌热、然冲、拉不底地区
5%
No matching quizzes found
Score Distribution
Percent of People with Each Score
Percentile by Number Answered
Your Score History
You have not taken this quiz